000 01209nam a22003137a 4500
001 0012468
003 KOHA_MİRAKIL
005 20260207001852.0
007 ta
008 100126b2009 tu |||gr||||#||||0|tur |
020 _a9789757655879
020 _a9757655872
_c0,01
040 _aTR-BiSEU
_btur
_cTR-BiSEU
_erda
041 0 _atur
044 _ctu
050 _aZ7711
_b.G43 2009
245 0 _aGeçmişten geleceğe belgeler ... bilgiler :
_b1968 / 2008/
_cTürkiye Radyo Televizyon Kurumu Arşiv Dairesi Başkanlığı ; proje N. Beyhan Karadağ ; proje danışmanı Oktay Taş ; belgelerin derlenmesine ve yazımına emek verenler Turgay Çakımcı ...[ve bşk.].
264 1 _aAnkara :
_bTRT ; 2009.
_c2009
300 _a 4 c.: resimli; 29 cm.
336 _ametin
_btxt
_2rdacontent
337 _aaracısız
_bn
_2rdamedia
338 _acilt
_bnc
_2rdacarrier
650 0 _aTRT (Organization : Turkey)--Bibliography.
_930102
650 0 _aTelevision broadcasting--Turkey--Bibliography.
_930103
650 0 _aTelevision broadcasting--Turkey--Directories.
_930104
650 0 _aTelevision programs--Turkey.
_930105
650 0 _aDocumentary television programs--Turkey.
_930106
942 _2lcc
_cBK
999 _c12437
_d12437